[Event "Victor Ciocaltea Memorial 2011"]
[Site "Bucharest ROU"]
[Date "2011.04.02"]
[Round "9.2"]
[White "Tazbir, Marcin"]
[Black "Miron, Lucian-Costin"]
[Result "1-0"]
[WhiteElo "2527"]
[BlackElo "2501"]
[PlyCount "111"]
[EventDate "2011.03.25"]
[EventType "tourn"]
[EventRounds "11"]
[EventCountry "ROM"]
[EventCategory "8"]
[Source "lmi"]
[SourceDate "2011.03.28"]

1. e4 e5 2. Nf3 Nc6 3. Bb5 a6 4. Ba4 Nf6 5. O-O Be7 6. Re1 b5 7. Bb3 d6 8. c3
O-O 9. h3 Nb8 10. d4 Nbd7 11. Nbd2 Bb7 12. Bc2 Re8 13. Nf1 Bf8 14. Ng3 g6 15.
b3 Bg7 16. d5 Bf8 17. c4 c6 18. Bd2 Qc7 19. Nh2 a5 20. Ngf1 Nc5 21. Rc1 Ba6 22.
Qf3 Bg7 23. Ne3 bxc4 24. bxc4 Rab8 25. Nhg4 Nh5 26. dxc6 Qxc6 27. Bxa5 Ne6 28.
Qd1 Qc5 29. Bd2 Nd4 30. a3 Rbd8 31. Bb4 Qa7 32. Bd3 f5 33. exf5 e4 34. Bf1 gxf5
35. Nh6+ Bxh6 36. Qxh5 Bg7 37. Nxf5 Nxf5 38. Qxf5 Rf8 39. Qe6+ Kh8 40. Re3 Bb7
41. Qg4 Bc8 42. Qe2 Bf5 43. Rd1 Bh6 44. Rg3 Bg6 45. Bd2 Bg7 46. Bc3 Rde8 47.
Qb2 Re6 48. Bxg7+ Qxg7 49. Qxg7+ Kxg7 50. Re3 Ref6 51. Rd2 Ra8 52. Be2 Rb8 53.
Rd1 Rb2 54. Ra1 Rf7 55. f3 Kf6 56. Rd1 1-0

[Event "Victor Ciocaltea Memorial 2011"]
[Site "Bucharest ROU"]
[Date "2011.04.02"]
[Round "9.3"]
[White "Georgescu, Tiberiu-Marian"]
[Black "Szabo, Gergely-Andras-Gyul"]
[Result "1/2-1/2"]
[WhiteElo "2388"]
[BlackElo "2534"]
[PlyCount "74"]
[EventDate "2011.03.25"]
[EventType "tourn"]
[EventRounds "11"]
[EventCountry "ROM"]
[EventCategory "8"]
[Source "lmi"]
[SourceDate "2011.03.28"]

1. d4 e6 2. c4 Nf6 3. Nf3 b6 4. g3 Ba6 5. b3 Bb4+ 6. Bd2 Be7 7. Bg2 c6 8. Bc3
d5 9. Ne5 Nfd7 10. Nxd7 Nxd7 11. Nd2 O-O 12. O-O Rc8 13. e4 c5 14. exd5 exd5
15. dxc5 dxc4 16. c6 cxb3 17. Re1 b2 18. Bxb2 Nc5 19. Nc4 Bxc4 20. Qg4 Bg5 21.
Qxc4 Nd3 22. Be5 Nxe1 23. Rxe1 Bf6 24. Bxf6 Qxf6 25. c7 Qd6 26. Rc1 b5 27. Qc2
g6 28. Bb7 b4 29. Qc5 Qxc5 30. Rxc5 Rfe8 31. Kf1 Kf8 32. Bxc8 Rxc8 33. Ke2 Ke7
34. Kd3 Kd6 35. Kc4 Rxc7 36. Rxc7 Kxc7 37. Kxb4 Kb6 1/2-1/2

[Event "Victor Ciocaltea Memorial 2011"]
[Site "Bucharest ROU"]
[Date "2011.04.02"]
[Round "9.4"]
[White "Grigore, George-Gabriel"]
[Black "Leniart, Arkadiusz"]
[Result "0-1"]
[WhiteElo "2528"]
[BlackElo "2442"]
[PlyCount "82"]
[EventDate "2011.03.25"]
[EventType "tourn"]
[EventRounds "11"]
[EventCountry "ROM"]
[EventCategory "8"]
[Source "lmi"]
[SourceDate "2011.03.28"]

1. d4 Nf6 2. c4 g6 3. Nc3 d5 4. Nf3 Bg7 5. cxd5 Nxd5 6. e4 Nxc3 7. bxc3 c5 8.
Be3 Qa5 9. Qd2 Nc6 10. Rc1 cxd4 11. cxd4 Qxd2+ 12. Kxd2 O-O 13. d5 Rd8 14. Bc4
Na5 15. Rhd1 Nxc4+ 16. Rxc4 e6 17. Ke1 exd5 18. exd5 b6 19. Rc7 Ba6 20. d6 Bf8
21. Bf4 Re8+ 22. Kd2 Re4 23. Bg3 Rd8 24. Kc3 Bg7+ 25. Kb3 Be2 26. Rdc1 a5 27.
a3 Bd3 28. Re1 a4+ 29. Ka2 Bc4+ 30. Kb1 Be2 31. Rg1 Bd3+ 32. Kc1 Re2 33. Nd2 b5
34. Bf4 b4 35. axb4 a3 36. Ra7 Bb2+ 37. Kd1 Rxf2 38. Be3 Re2 39. Re1 Rxe1+ 40.
Kxe1 Rxd6 41. Kf2 Ra6 0-1

[Event "Victor Ciocaltea Memorial 2011"]
[Site "Bucharest ROU"]
[Date "2011.04.02"]
[Round "9.5"]
[White "Soltanici, Ruslan"]
[Black "Baratosi, Daniel"]
[Result "1/2-1/2"]
[WhiteElo "2373"]
[BlackElo "2390"]
[PlyCount "27"]
[EventDate "2011.03.25"]
[EventType "tourn"]
[EventRounds "11"]
[EventCountry "ROM"]
[EventCategory "8"]
[Source "lmi"]
[SourceDate "2011.03.28"]

1. e4 c5 2. Nf3 d6 3. d4 Nf6 4. Nc3 cxd4 5. Nxd4 g6 6. Be2 Bg7 7. Be3 O-O 8.
Qd2 Nc6 9. O-O-O Nxd4 10. Bxd4 Be6 11. Kb1 Qc7 12. h4 Rfc8 13. f3 Qa5 14. Nd5
1/2-1/2

[Event "Victor Ciocaltea Memorial 2011"]
[Site "Bucharest ROU"]
[Date "2011.04.02"]
[Round "9.6"]
[White "Thesing, Matthias"]
[Black "Shishkin, Vadim"]
[Result "0-1"]
[WhiteElo "2423"]
[BlackElo "2449"]
[PlyCount "64"]
[EventDate "2011.03.25"]
[EventType "tourn"]
[EventRounds "11"]
[EventCountry "ROM"]
[EventCategory "8"]
[Source "lmi"]
[SourceDate "2011.03.28"]

1. e4 c5 2. Nc3 Nc6 3. Bb5 Nd4 4. Bc4 e6 5. Nge2 Nf6 6. O-O a6 7. d3 b5 8. Bb3
Nc6 9. Bg5 h6 10. Bxf6 Qxf6 11. f4 Qd8 12. Ng3 Be7 13. Qg4 g6 14. Rae1 h5 15.
Qd1 h4 16. Nh1 h3 17. Bd5 hxg2 18. Kxg2 exd5 19. exd5 Bb7 20. dxc6 Bxc6+ 21.
Kg1 Kf8 22. d4 Bf6 23. dxc5 d5 24. Ng3 b4 25. Nb1 d4 26. Ne4 Qd5 27. c4 Qf5 28.
Nxf6 Qxf6 29. Re5 Rxh2 30. Rd5 Bxd5 31. cxd5 Qh4 32. Qf3 Rh3 0-1

[Event "Victor Ciocaltea Memorial 2011"]
[Site "Bucharest ROU"]
[Date "2011.04.03"]
[Round "10.1"]
[White "Posedaru, Bogdan"]
[Black "Miron, Lucian-Costin"]
[Result "0-1"]
[WhiteElo "2318"]
[BlackElo "2501"]
[PlyCount "70"]
[EventDate "2011.03.25"]
[EventType "tourn"]
[EventRounds "11"]
[EventCountry "ROM"]
[EventCategory "8"]
[Source "lmi"]
[SourceDate "2011.03.28"]

1. d4 Nf6 2. c4 g6 3. Nc3 Bg7 4. e4 d6 5. f3 O-O 6. Be3 Nbd7 7. Nh3 e5 8. Nf2
exd4 9. Bxd4 c6 10. Be2 Bh6 11. Nd3 Qe7 12. O-O Ne5 13. b3 Nh5 14. g3 Bg7 15.
Nxe5 dxe5 16. Be3 Bh3 17. Re1 Nf4 18. Bf1 Bxf1 19. Rxf1 Ne6 20. Qc2 Nd4 21. Qb2
Rad8 22. Rad1 Rd7 23. Kg2 Rfd8 24. Rf2 f5 25. Rff1 f4 26. Bg1 fxg3 27. hxg3 Bh6
28. f4 Ne6 29. Rxd7 Rxd7 30. Nd5 cxd5 31. exd5 exf4 32. Qe5 Ng7 33. gxf4 Qh4
34. Bxa7 Re7 35. Qb8+ Re8 0-1

[Event "Victor Ciocaltea Memorial 2011"]
[Site "Bucharest ROU"]
[Date "2011.04.03"]
[Round "10.2"]
[White "Baratosi, Daniel"]
[Black "Tazbir, Marcin"]
[Result "0-1"]
[WhiteElo "2390"]
[BlackElo "2527"]
[PlyCount "96"]
[EventDate "2011.03.25"]
[EventType "tourn"]
[EventRounds "11"]
[EventCountry "ROM"]
[EventCategory "8"]
[Source "lmi"]
[SourceDate "2011.03.28"]

1. e4 d5 2. exd5 Nf6 3. d4 Nxd5 4. Nf3 g6 5. a4 a5 6. c4 Nb6 7. Qb3 Bg7 8. Nc3
c6 9. c5 Nd5 10. Bc4 O-O 11. O-O e6 12. Ne4 Na6 13. Bxa6 Rxa6 14. Re1 Nb4 15.
Bd2 Qd5 16. Ra3 Qxb3 17. Rxb3 Nc2 18. Rd1 Nxd4 19. Nxd4 Bxd4 20. Bg5 e5 21. Be7
Be6 22. Nf6+ Kh8 23. Rxb7 Rfa8 24. Nd7 Bxd7 25. Bf6+ Kg8 26. Rxd7 Re8 27. Kf1
Raa8 28. f4 Bxb2 29. Rb1 Rab8 30. Rc7 Rb4 31. g3 Bd4 32. Rxb4 axb4 33. Rb7 Bxc5
34. fxe5 h6 35. h4 h5 36. Rc7 Rb8 37. e6 fxe6 38. Rxc6 Bf8 39. a5 b3 40. Rb6
Rxb6 41. axb6 Kf7 42. Bd4 Bd6 43. Ke2 Ke8 44. Kd3 Kd7 45. Bf2 Be5 46. Kd2 Kc6
47. Kd3 Ba1 48. Kd2 e5 0-1

[Event "Victor Ciocaltea Memorial 2011"]
[Site "Bucharest ROU"]
[Date "2011.04.03"]
[Round "10.3"]
[White "Leniart, Arkadiusz"]
[Black "Soltanici, Ruslan"]
[Result "1-0"]
[WhiteElo "2442"]
[BlackElo "2373"]
[PlyCount "69"]
[EventDate "2011.03.25"]
[EventType "tourn"]
[EventRounds "11"]
[EventCountry "ROM"]
[EventCategory "8"]
[Source "lmi"]
[SourceDate "2011.03.28"]

1. Nf3 c5 2. c4 Nf6 3. Nc3 e6 4. g3 b6 5. Bg2 Bb7 6. O-O Be7 7. Re1 a6 8. e4 d6
9. d4 cxd4 10. Nxd4 Qc7 11. Be3 Nbd7 12. f4 Rc8 13. Rc1 Qb8 14. g4 Qa8 15. Bf2
g6 16. Nd5 exd5 17. exd5 Kf8 18. g5 Nh5 19. Nc6 Bxc6 20. Qd4 Rg8 21. Rxe7 Kxe7
22. Re1+ Kd8 23. dxc6 Rxc6 24. Qd5 Rf8 25. Qxc6 Qxc6 26. Bxc6 Nxf4 27. Bg3 Ne5
28. Bxf4 Nxc6 29. Bxd6 Rg8 30. b4 Kd7 31. Rd1 Re8 32. b5 axb5 33. cxb5 Nd8 34.
Bg3+ Ke7 35. Rd6 1-0

[Event "Victor Ciocaltea Memorial 2011"]
[Site "Bucharest ROU"]
[Date "2011.04.03"]
[Round "10.5"]
[White "Shishkin, Vadim"]
[Black "Georgescu, Tiberiu-Marian"]
[Result "0-1"]
[WhiteElo "2449"]
[BlackElo "2388"]
[PlyCount "90"]
[EventDate "2011.03.25"]
[EventType "tourn"]
[EventRounds "11"]
[EventCountry "ROM"]
[EventCategory "8"]
[Source "lmi"]
[SourceDate "2011.03.28"]

1. d4 d6 2. Nf3 g6 3. e4 Bg7 4. Be2 e5 5. c4 exd4 6. Nxd4 Nf6 7. Nc3 O-O 8. O-O
Ng4 9. Re1 Na6 10. Bf4 Qe8 11. Bg5 Qe5 12. Nf3 Qc5 13. Bh4 Be6 14. Rc1 Bxc4 15.
Nd5 Bxe2 16. Rxe2 Qb5 17. h3 Ne5 18. Nxe5 Bxe5 19. f4 Bg7 20. f5 Be5 21. a4 Qd7
22. Nf6+ Bxf6 23. Bxf6 h6 24. g4 Kh7 25. e5 gxf5 26. g5 Rg8 27. Rc4 Qe6 28. Rh4
Rg6 29. Rxh6+ Rxh6 30. exd6 Rxf6 31. Rxe6 Rxe6 32. dxc7 Rc8 33. Qd5 Rxc7 34.
Qxf5+ Kg8 35. Kf2 Nc5 36. Kf3 Ne4 37. h4 Rc5 38. Qf4 Nd6 39. Qd2 Rf5+ 40. Kg4
Re4+ 41. Kg3 Re6 42. Kg4 Rfe5 43. Qf2 Re4+ 44. Kh3 Re3+ 45. Kg4 Ne8 0-1

[Event "Victor Ciocaltea Memorial 2011"]
[Site "Bucharest ROU"]
[Date "2011.04.03"]
[Round "10.6"]
[White "Murariu, Andrei"]
[Black "Thesing, Matthias"]
[Result "1-0"]
[WhiteElo "2503"]
[BlackElo "2423"]
[PlyCount "53"]
[EventDate "2011.03.25"]
[EventType "tourn"]
[EventRounds "11"]
[EventCountry "ROM"]
[EventCategory "8"]
[Source "lmi"]
[SourceDate "2011.03.28"]

1. e4 e6 2. d4 d5 3. Nc3 Nc6 4. Nf3 Nf6 5. e5 Ne4 6. Bd3 Bb4 7. Bd2 Nxd2 8.
Qxd2 Bd7 9. a3 Bxc3 10. Qxc3 f6 11. h4 Qe7 12. h5 fxe5 13. dxe5 O-O 14. O-O-O
Rxf3 15. gxf3 Qg5+ 16. Kb1 Qxe5 17. Qd2 Rf8 18. Rdg1 Nd4 19. h6 g6 20. Bxg6
hxg6 21. Rxg6+ Kh8 22. Qb4 Re8 23. h7 Nf5 24. Qg4 Ng7 25. Rg1 Re7 26. Qh4 Rf7
27. Qd8+ 1-0

[Event "Victor Ciocaltea Memorial 2011"]
[Site "Bucharest ROU"]
[Date "2011.04.04"]
[Round "11.1"]
[White "Thesing, Matthias"]
[Black "Posedaru, Bogdan"]
[Result "1/2-1/2"]
[WhiteElo "2423"]
[BlackElo "2318"]
[PlyCount "21"]
[EventDate "2011.03.25"]
[EventType "tourn"]
[EventRounds "11"]
[EventCountry "ROM"]
[EventCategory "8"]
[Source "lmi"]
[SourceDate "2011.03.28"]

1. e4 e5 2. Nf3 Nf6 3. Nxe5 d6 4. Nf3 Nxe4 5. d4 d5 6. Bd3 Nc6 7. O-O Be7 8. c4
Nb4 9. Be2 O-O 10. Nc3 Bf5 11. a3 1/2-1/2

[Event "Victor Ciocaltea Memorial 2011"]
[Site "Bucharest ROU"]
[Date "2011.04.04"]
[Round "11.3"]
[White "Grigore, George-Gabriel"]
[Black "Shishkin, Vadim"]
[Result "1/2-1/2"]
[WhiteElo "2528"]
[BlackElo "2449"]
[PlyCount "21"]
[EventDate "2011.03.25"]
[EventType "tourn"]
[EventRounds "11"]
[EventCountry "ROM"]
[EventCategory "8"]
[Source "lmi"]
[SourceDate "2011.03.28"]

1. d4 Nf6 2. c4 g6 3. Nc3 d5 4. Nf3 Bg7 5. Bf4 O-O 6. e3 c5 7. dxc5 Ne4 8. Rc1
Nxc3 9. bxc3 dxc4 10. Qxd8 Rxd8 11. Bxc4 1/2-1/2

[Event "Victor Ciocaltea Memorial 2011"]
[Site "Bucharest ROU"]
[Date "2011.04.04"]
[Round "11.5"]
[White "Tazbir, Marcin"]
[Black "Leniart, Arkadiusz"]
[Result "1/2-1/2"]
[WhiteElo "2527"]
[BlackElo "2442"]
[PlyCount "46"]
[EventDate "2011.03.25"]
[EventType "tourn"]
[EventRounds "11"]
[EventCountry "ROM"]
[EventCategory "8"]
[Source "lmi"]
[SourceDate "2011.03.28"]

1. d4 Nf6 2. Nf3 g6 3. c4 Bg7 4. g3 O-O 5. Bg2 d5 6. cxd5 Nxd5 7. O-O Nb6 8.
Nc3 Nc6 9. e3 Re8 10. d5 Na5 11. Nd4 Bd7 12. b3 Rc8 13. Bb2 c6 14. e4 cxd5 15.
exd5 Nbc4 16. bxc4 Qb6 17. Ne6 Nxc4 18. Nxg7 Nxb2 19. Qe2 Kxg7 20. Rab1 Rxc3
21. Rxb2 Bg4 22. Qe5+ Qf6 23. Qxf6+ Kxf6 1/2-1/2